00000000nam##2200000za#4500
0019.643398
003CaOODSP
00520210624224142
007cr |||||||||||
008150407|1985||||xxc|||||o    f|0| 0 fre|d
040 |aCaOODSP|bfre
043 |an-cn---
0861 |aA43-1788/1985F-PDF
1101 |aCanada.|bAgriculture Canada. |bDirection générale de recherche.
24510|aInsectes nuisibles au maïs dans l'est du Canada / |h[ressource électronique]|c[par] M. Hudon, W.H. Foott et P. Martel.
260 |aOttawa - Ontario : |bAgriculture Canada. |c1985.
300 |a32p.|bglossaire, photographies
500 |aPublication historique numérisée par Agriculture et Agroalimentaire Canada.
590 |a14-11-Supp|b2014-05-21
69107|aInsecte|2gcpds
69107|aMaïs|2gcpds
69107|aOrganisme nuisible|2gcpds
77508|tInsects damaging corn in Eastern Canada / |w(CaOODSP)9.699411
85640|ahttp://publications.gc.ca|qPDF|s2.4 Mo|uhttps://publications.gc.ca/collections/collection_2014/aac-aafc/agrhist/A43-1788-1985-fra.pdf
986 |a1788/F